<?xml version="1.0" encoding="UTF-8"?>
<record
    xmlns:xsi="http://www.w3.org/2001/XMLSchema-instance"
    xsi:schemaLocation="http://www.loc.gov/MARC21/slim http://www.loc.gov/standards/marcxml/schema/MARC21slim.xsd"
    xmlns="http://www.loc.gov/MARC21/slim">

  <leader>00694nam a2200205Ia 4500</leader>
  <controlfield tag="005">20220714113949.0</controlfield>
  <controlfield tag="008">210716s2010    xx            000 0 und d</controlfield>
  <datafield tag="020" ind1=" " ind2=" ">
    <subfield code="a">9788120334281</subfield>
  </datafield>
  <datafield tag="040" ind1=" " ind2=" ">
    <subfield code="c">AIMIT LIBRARY</subfield>
  </datafield>
  <datafield tag="041" ind1=" " ind2=" ">
    <subfield code="a">eng</subfield>
  </datafield>
  <datafield tag="082" ind1=" " ind2=" ">
    <subfield code="a">005.448 </subfield>
    <subfield code="2">1</subfield>
    <subfield code="b">PRAC</subfield>
  </datafield>
  <datafield tag="100" ind1=" " ind2=" ">
    <subfield code="a">Prabhu, C S R.</subfield>
    <subfield code="9">49215</subfield>
  </datafield>
  <datafield tag="245" ind1=" " ind2=" ">
    <subfield code="a">Grid and cluster computing /</subfield>
    <subfield code="c">By C. S. R. Prabhu.</subfield>
  </datafield>
  <datafield tag="250" ind1=" " ind2=" ">
    <subfield code="a">1st ed.</subfield>
  </datafield>
  <datafield tag="260" ind1=" " ind2=" ">
    <subfield code="a">New Delhi :</subfield>
    <subfield code="b">PHI Learning private limited ,</subfield>
    <subfield code="c">2010 .</subfield>
  </datafield>
  <datafield tag="300" ind1=" " ind2=" ">
    <subfield code="a">xv, 240p. ;</subfield>
    <subfield code="b">PB</subfield>
    <subfield code="c">24.5 cm.</subfield>
  </datafield>
  <datafield tag="650" ind1=" " ind2=" ">
    <subfield code="a">Technologies and architectures for grid computing</subfield>
    <subfield code="9">49216</subfield>
  </datafield>
  <datafield tag="650" ind1=" " ind2=" ">
    <subfield code="a">World wide grid computing activities organizations and projects</subfield>
    <subfield code="9">49217</subfield>
  </datafield>
  <datafield tag="942" ind1=" " ind2=" ">
    <subfield code="2">ddc</subfield>
    <subfield code="c">BK</subfield>
    <subfield code="e">1st</subfield>
    <subfield code="k">005.448 PRAC</subfield>
  </datafield>
  <datafield tag="999" ind1=" " ind2=" ">
    <subfield code="c">191369</subfield>
    <subfield code="d">191369</subfield>
  </datafield>
  <datafield tag="952" ind1=" " ind2=" ">
    <subfield code="0">0</subfield>
    <subfield code="1">0</subfield>
    <subfield code="2">ddc</subfield>
    <subfield code="4">0</subfield>
    <subfield code="7">0</subfield>
    <subfield code="8">MCA</subfield>
    <subfield code="a">AIMIT</subfield>
    <subfield code="b">AIMIT</subfield>
    <subfield code="e">Biblios Book Point</subfield>
    <subfield code="g">295.00</subfield>
    <subfield code="i">Bill no:1141; Bill dt:2011-07-20</subfield>
    <subfield code="l">0</subfield>
    <subfield code="o">005.448 PRAC</subfield>
    <subfield code="p">MCA10877</subfield>
    <subfield code="r">2025-07-21 00:00:00</subfield>
    <subfield code="v">221.25</subfield>
    <subfield code="w">2021-07-16</subfield>
    <subfield code="y">BK</subfield>
  </datafield>
  <datafield tag="952" ind1=" " ind2=" ">
    <subfield code="0">0</subfield>
    <subfield code="1">0</subfield>
    <subfield code="2">ddc</subfield>
    <subfield code="4">0</subfield>
    <subfield code="7">0</subfield>
    <subfield code="8">MCA</subfield>
    <subfield code="a">AIMIT</subfield>
    <subfield code="b">AIMIT</subfield>
    <subfield code="e">Knowledge World</subfield>
    <subfield code="g">295.00</subfield>
    <subfield code="i">Bill no:173; Bill dt:2014-07-12</subfield>
    <subfield code="l">0</subfield>
    <subfield code="o">005.448 PRAC</subfield>
    <subfield code="p">MCA13577</subfield>
    <subfield code="r">2025-07-21 00:00:00</subfield>
    <subfield code="v">221.25</subfield>
    <subfield code="w">2021-07-16</subfield>
    <subfield code="y">BK</subfield>
  </datafield>
  <datafield tag="952" ind1=" " ind2=" ">
    <subfield code="0">0</subfield>
    <subfield code="1">0</subfield>
    <subfield code="2">ddc</subfield>
    <subfield code="4">0</subfield>
    <subfield code="7">0</subfield>
    <subfield code="8">MCA</subfield>
    <subfield code="a">AIMIT</subfield>
    <subfield code="b">AIMIT</subfield>
    <subfield code="e">Knowledge World</subfield>
    <subfield code="g">295.00</subfield>
    <subfield code="i">Bill no:173; Bill dt:2014-07-12</subfield>
    <subfield code="l">0</subfield>
    <subfield code="o">005.448 PRAC</subfield>
    <subfield code="p">MCA13578</subfield>
    <subfield code="r">2025-07-21 00:00:00</subfield>
    <subfield code="v">221.25</subfield>
    <subfield code="w">2021-07-16</subfield>
    <subfield code="y">BK</subfield>
  </datafield>
</record>
